[Event "Tata Steel Challengers"]
[Site "Wijk aan Zee NED"]
[Date "2025.01.21"]
[Round "4.6"]
[White "Divya, Deshmukh"]
[Black "Gurel, Ediz"]
[Result "1-0"]
[WhiteTitle "IM"]
[BlackTitle "GM"]
[WhiteElo "2490"]
[BlackElo "2624"]
[WhiteFideId "35006916"]
[BlackFideId "44507356"]
[EventDate "2025.01.18"]

1. d4 Nf6 2. c4 e6 3. Nc3 Bb4 4. Qc2 d5 5. a3 Bxc3+ 6. Qxc3 O-O 7. Nf3 b6 8. Bg5
dxc4 9. Qxc4 Ba6 10. Qa4 Bb7 11. e3 h6 12. Bh4 Nbd7 13. Bb5 Qc8 14. Rc1 c5 15.
Bxf6 Nxf6 16. dxc5 bxc5 17. b4 Ne4 18. O-O Qc7 19. Bd3 Rfd8 20. Bxe4 Bxe4 21.
bxc5 Bc6 22. Qc2 Rac8 23. Nd4 Ba8 24. Rfd1 Rd5 25. Nb5 Qxc5 26. Rxd5 Qxc2 27.
Rxc2 Rxc2 28. Rd8+ Kh7 29. h4 Bd5 30. Nxa7 Rc5 31. Nc8 Ra5 32. Rd7 Rxa3 33. Rxf7
Ra4 34. f3 Rxh4 35. e4 Bb3 36. Rb7 Ba4 37. Nb6 Bc2 38. Nd7 Rf4 39. Nc5 Rf8 40.
Nxe6 Rg8 41. Nc5 Rc8 42. Ne6 Rg8 43. Nd4 Ba4 44. Nf5 h5 45. Kf2 Kh8 46. e5 Re8
47. Nd6 Re6 48. f4 Kg8 49. Rb8+ Kh7 50. Ne4 Re8 51. Rxe8 Bxe8 52. e6 Bc6 53. Nd6
g5 54. fxg5 Kg6 55. e7 Kxg5 56. Kg3 1-0

[Event "Tata Steel Challengers"]
[Site "Wijk aan Zee NED"]
[Date "2025.01.21"]
[Round "4.7"]
[White "Yakubboev, Nodirbek"]
[Black "Vaishali, Rameshbabu"]
[Result "0-1"]
[WhiteTitle "GM"]
[BlackTitle "GM"]
[WhiteElo "2659"]
[BlackElo "2476"]
[WhiteFideId "14203987"]
[BlackFideId "5091756"]
[EventDate "2025.01.18"]

1. d4 d5 2. Nf3 Nf6 3. c4 e6 4. Nc3 c6 5. Bg5 Nbd7 6. e3 Qa5 7. Nd2 dxc4 8. Bxf6
Nxf6 9. Nxc4 Qc7 10. Rc1 Bd6 11. f4 O-O 12. Bd3 Be7 13. O-O c5 14. Qe2 Bd7 15.
dxc5 Qxc5 16. Ne5 Rfc8 17. Rc2 Be8 18. Rfc1 Rd8 19. Nb5 Qb6 20. Nc7 Rab8 21. Kh1
Bc6 22. Nxc6 bxc6 23. Na6 Rbc8 24. Nc5 Rd5 25. Nb3 h5 26. Bc4 Rd7 27. Nd4 Ng4
28. Ba6 Rcc7 29. Rxc6 Bf6 30. Bc8 Rxc6 31. Rxc6 Rc7 32. Bd7 Bxd4 0-1